Understanding alzheimer's disease and other dementias / (رقم التسجيلة. 35056)

تفاصيل مارك
000 -الفاتح
حقل البيانات ثابتة الطول 00733cam a22002298i 4500
001 - رقم الضبط
رقم الضبط 17628978
003 - محدد رقم الضبط
رقم الضبط OSt
005 - وقت وتاريخ اخر تعامل مع التسجيلة
رقم الضبط 20150408114218.0
008 - عناصر البيانات ثابتة الطول - معلومات عامة
حقل البيانات ثابتة الطول 130216s2013 enka g b 001 0 eng
020 ## - الرقم الدولى المعيارى للكتب
الرقم الدولى المعيارى للكتاب 9781849053747 (alk. paper)
040 ## - مصدر الفهرسة
وكالة الفهرسة الأصلية Ma-Un
082 00 - رقم تصنيف ديوى العشرى
رقم الطبعة 22
رقم التصنيف 616.831
رقم المادة DBU
100 1# - المدخل الرئيسى - إسم شخصى
الإسم الشخصى Draper, Brian
9 (RLIN) 45068
245 10 - بيان العنوان
العنوان Understanding alzheimer's disease and other dementias /
بيان المسئوليه,etc Brian Draper.
260 ## - PUBLICATION, DISTRIBUTION, ETC. (IMPRINT)
مكان الناشر او الموزع London :
اسم الناشر او الموزع Jessica Kingsley Publishers,
تاريخ النشر أو التوزيع 2013
300 ## - الوصف المادى
التعداد 286 p. :
تفاصيل ماديه اخرى للوعاء ill. ;
التعداد 23 cm.
504 ## - تبصرة ببليوجرافية
تبصرة ببليوجرافية,الخ Includes bibliographical references and index.
650 ## - المدخل الاضافى بالموضوع-مصطلح موضوعى
مصطلح موضوعي أو اسم جغرافي كعنصر مدخل Alzheimer's disease
9 (RLIN) 11887
650 ## - المدخل الاضافى بالموضوع-مصطلح موضوعى
مصطلح موضوعي أو اسم جغرافي كعنصر مدخل Dementia
942 ## -
-- ddc
-- BOOK
999 ## -
-- 35056
-- 269556
المقتنيات
حالة الفقد نموذج السعر الفعال حالة تلف ليس للاعارة رقم الطلب رقم النسخة تاريخ الاكتساب مصدر التزويد Serial Enumeration / chronology الباركود الفرع الرئيسي Date last seen نوع المادة فى نظام كوها مصدر التصنيف او خطة الترفيف Total Checkouts
  2014-05-14   Not For Loan 616.831 DBU 1 2014-05-14 دار العرب AMF 00210758 مكتبة كلية العلوم الطبية التطبيقية بالمجمعة - طالبات (AMF) 2014-05-14 كتاب Dewey Decimal Classification  
  2014-05-14     616.831 DBU 2 2014-05-14 دار العرب AMF 00210759 مكتبة كلية العلوم الطبية التطبيقية بالمجمعة - طالبات (AMF) 2014-05-14 كتاب Dewey Decimal Classification  
  2014-05-14   Not For Loan 616.831 DBU 1 2014-05-14 دار العرب CL 00210760 المكتبة المركزية بالمجمعة (CL) 2014-05-14 كتاب Dewey Decimal Classification  
  2014-05-14     616.831 DBU 2 2014-05-14 دار العرب CL 00210761 المكتبة المركزية بالمجمعة (CL) 2014-05-14 كتاب Dewey Decimal Classification